<?xml version="1.0" encoding="UTF-8"?>
<record
    xmlns:xsi="http://www.w3.org/2001/XMLSchema-instance"
    xsi:schemaLocation="http://www.loc.gov/MARC21/slim http://www.loc.gov/standards/marcxml/schema/MARC21slim.xsd"
    xmlns="http://www.loc.gov/MARC21/slim">

  <leader>03147cam a22003378i 4500</leader>
  <controlfield tag="001">21545200</controlfield>
  <controlfield tag="005">20230715165022.0</controlfield>
  <controlfield tag="008">200528s2020    nju      b    001 0 eng  </controlfield>
  <datafield tag="010" ind1=" " ind2=" ">
    <subfield code="a">  2020024003</subfield>
  </datafield>
  <datafield tag="020" ind1=" " ind2=" ">
    <subfield code="a">9781119058175</subfield>
  </datafield>
  <datafield tag="020" ind1=" " ind2=" ">
    <subfield code="z">9781119058229</subfield>
  </datafield>
  <datafield tag="020" ind1=" " ind2=" ">
    <subfield code="z">9781119058212</subfield>
  </datafield>
  <datafield tag="040" ind1=" " ind2=" ">
    <subfield code="a">DLC</subfield>
    <subfield code="b">eng</subfield>
    <subfield code="e">rda</subfield>
    <subfield code="c">DLC</subfield>
  </datafield>
  <datafield tag="042" ind1=" " ind2=" ">
    <subfield code="a">pcc</subfield>
  </datafield>
  <datafield tag="043" ind1=" " ind2=" ">
    <subfield code="a">f------</subfield>
  </datafield>
  <datafield tag="050" ind1="0" ind2="0">
    <subfield code="a">PL 8010 .C57 2020</subfield>
  </datafield>
  <datafield tag="082" ind1="0" ind2="0">
    <subfield code="a">809/.896</subfield>
    <subfield code="2">23</subfield>
  </datafield>
  <datafield tag="245" ind1="0" ind2="2">
    <subfield code="a">A companion to African literatures /</subfield>
    <subfield code="c">edited by Olakunle George.</subfield>
  </datafield>
  <datafield tag="263" ind1=" " ind2=" ">
    <subfield code="a">2008</subfield>
  </datafield>
  <datafield tag="300" ind1=" " ind2=" ">
    <subfield code="a">pages cm</subfield>
  </datafield>
  <datafield tag="490" ind1="0" ind2=" ">
    <subfield code="a">Blackwell companions to literature and culture</subfield>
  </datafield>
  <datafield tag="504" ind1=" " ind2=" ">
    <subfield code="a">Includes bibliographical references and index.</subfield>
  </datafield>
  <datafield tag="505" ind1="2" ind2=" ">
    <subfield code="a">East and Central Africa -- North Africa -- Southern Africa -- West Africa -- Redoublings and reconstellations.</subfield>
  </datafield>
  <datafield tag="520" ind1=" " ind2=" ">
    <subfield code="a">"This book is designed to serve as research resource for scholars, teachers, and students of African literature and related fields like world literature, comparative literary studies, and postcolonial studies. A Companion to African Literatures contains twenty-eight historically grounded and theoretically informed essays written by experts in the diverse subfields in the study of African literatures. The intended audience includes specialists, teachers, and students of modern African literature, as well as non-specialists in ancillary fields. In contemporary literary studies, notions of "world literature" and "globalism" have become central and influential. Here, the notion of world literature is to be understood as a set of theoretical perspectives and protocols of interpretation, rather than simply a corpus of literary works. In the turn to broad transnational perspectives, there is always a risk of de-emphasizing the specific backgrounds, thematic concerns, and significant transformations that characterize African literatures. This volume addresses the need for richly contextualized accounts of the diversity of literary production on the African continent. Taken as discrete individual chapters or as a whole, the volume will be useful to specialists and non-specialists in their research; it will likewise be useful to teachers who seek rigorous and lucid essays that can be assigned in college courses. With regard to genres and forms, A Companion to African Literatures covers novels, poetry, dramatic literature, nonfiction, and film. The focus is mainly on modern African literatures from around the nineteenth century. Even though literatures in Amharic, Arabic and Swahili date much farther back, in order to make the volume manageable the focus is on the historical span that extends from the nineteenth century to the twenty-first"--</subfield>
  </datafield>
  <datafield tag="650" ind1=" " ind2="0">
    <subfield code="a">African literature</subfield>
    <subfield code="x">History and criticism.</subfield>
  </datafield>
  <datafield tag="700" ind1="1" ind2=" ">
    <subfield code="a">George, Olakunle,</subfield>
    <subfield code="e">editor.</subfield>
  </datafield>
  <datafield tag="776" ind1="0" ind2="8">
    <subfield code="i">Online version:</subfield>
    <subfield code="t">A companion to African literatures</subfield>
    <subfield code="d">Hoboken, NJ : Wiley-Blackwell, [2020]</subfield>
    <subfield code="z">9781119058229</subfield>
    <subfield code="w">(DLC) 2020024004</subfield>
  </datafield>
  <datafield tag="906" ind1=" " ind2=" ">
    <subfield code="a">7</subfield>
    <subfield code="b">cbc</subfield>
    <subfield code="c">orignew</subfield>
    <subfield code="d">1</subfield>
    <subfield code="e">ecip</subfield>
    <subfield code="f">20</subfield>
    <subfield code="g">y-gencatlg</subfield>
  </datafield>
  <datafield tag="942" ind1=" " ind2=" ">
    <subfield code="2">lcc</subfield>
    <subfield code="c">BOOKS</subfield>
    <subfield code="h">PL 8010 .C57 2020</subfield>
  </datafield>
  <datafield tag="999" ind1=" " ind2=" ">
    <subfield code="c">31675</subfield>
    <subfield code="d">31675</subfield>
  </datafield>
  <datafield tag="952" ind1=" " ind2=" ">
    <subfield code="0">0</subfield>
    <subfield code="1">0</subfield>
    <subfield code="2">lcc</subfield>
    <subfield code="4">0</subfield>
    <subfield code="7">0</subfield>
    <subfield code="a">MUC</subfield>
    <subfield code="b">MUC</subfield>
    <subfield code="c">GEN</subfield>
    <subfield code="d">2023-07-15</subfield>
    <subfield code="e">Donation (falcon books)</subfield>
    <subfield code="l">0</subfield>
    <subfield code="o">PL 8010 .C57 2020</subfield>
    <subfield code="p">39481</subfield>
    <subfield code="r">2023-07-03</subfield>
    <subfield code="w">2023-07-15</subfield>
    <subfield code="y">BOOKS</subfield>
  </datafield>
</record>
